[Event "Perth AUS Open"]
[Site "?"]
[Date "2023.01.07"]
[Round "8.31"]
[White "Solomontchik, Daniel"]
[Black "Ho, Lachlan"]
[Result "1-0"]
[WhiteElo "1452"]
[BlackElo "1703"]
[PlyCount "147"]
[EventDate "2023.01.??"]
[EventRounds "11"]
[EventCountry "AUS"]
[SourceVersionDate "2023.01.02"]

1. e4 e5 2. d4 exd4 3. Qxd4 Nc6 4. Qd3 d6 5. Nc3 Nf6 6. Bf4 Be7 7. O-O-O O-O 8. h4 Ne5 9. Qe2 Ng6 10. Bg3 h5 11. Nd5 Ng4 12. Nf3 Re8 13. Nxe7+ Qxe7 14. Re1 Bd7 15. Ng5 Bc6 16. f3 N4e5 17. Qe3 Rad8 18. Be2 d5 19. exd5 Bxd5 20. a3 Nc4 21. Qxe7 Rxe7 22. Bxc4 Bxc4 23. Rxe7 Nxe7 24. Bxc7 Rd7 25. Bg3 Nf5 26. Re1 g6 27. Bf2 a6 28. b3 Bb5 29. Ne4 Kg7 30. c4 Bc6 31. Kc2 Nd4+ 32. Bxd4+ Rxd4 33. Kc3 Rd8 34. b4 Re8 35. Re2 f5 36. Ng3 Rd8 37. Rd2 Re8 38. Re2 Rd8 39. Re1 Kf6 40. f4 Bxg2 41. c5 Bc6 42. Nh1 Bb5 43. Nf2 Rd5 44. Rd1 Ke6 45. Re1+ Kf6 46. Ra1 Ba4 47. Rb1 Bb5 48. Rd1 Ke6 49. Rd4 Ba4 50. Nd3 Bb5 51. Ne5 Be8 52. Nf3 Bc6 53. Ng5+ Kf6 54. Rxd5 Bxd5 55. Nh3 Bg2 56. Ng1 Ke6 57. Kd4 Be4 58. Ne2 Bg2 59. Nc1 Bc6 60. Nb3 Bg2 61. Na5 Bf3 62. Nc4 Bc6 63. Nd6 Bg2 64. a4 Bf3 65. b5 axb5 66. axb5 Bg2 67. Nc4 Bf3 68. Ne5 Be2 69. b6 g5 70. hxg5 h4 71. Ke3 Ba6 72. Kf2 Kd5 73. g6 h3 74. g7 1-0

[Event "Perth AUS Open"]
[Site "?"]
[Date "2023.01.07"]
[Round "8.32"]
[White "Can, Ryan"]
[Black "McAteer, Ian"]
[Result "1-0"]
[WhiteElo "1658"]
[BlackElo "1605"]
[PlyCount "45"]
[EventDate "2023.01.??"]
[EventRounds "11"]
[EventCountry "AUS"]
[SourceVersionDate "2023.01.02"]

1. d4 f5 2. Bg5 h6 3. Bh4 g5 4. e3 Nf6 5. Bg3 Bg7 6. Nc3 d6 7. Bc4 Nc6 8. h4 g4 9. Nge2 Na5 10. Bd3 O-O 11. Qd2 Nc6 12. O-O-O Nh5 13. f3 Nxg3 14. Nxg3 f4 15. Nh5 e5 16. Bc4+ Kh8 17. Nxg7 Kxg7 18. dxe5 fxe3 19. Qxe3 Nxe5 20. Bb3 g3 21. Ne4 Bf5 22. Nxg3 Qf6 23. Nh5+ 1-0

[Event "Perth AUS Open"]
[Site "?"]
[Date "2023.01.07"]
[Round "8.33"]
[White "Weller, Tony"]
[Black "Ong, Celine"]
[Result "1-0"]
[WhiteElo "1639"]
[BlackElo "1376"]
[PlyCount "93"]
[EventDate "2023.01.??"]
[EventRounds "11"]
[EventCountry "AUS"]
[SourceVersionDate "2023.01.02"]

1. d4 d5 2. Bf4 Nf6 3. Nf3 c5 4. e3 Nc6 5. Nc3 a6 6. Be2 Bf5 7. O-O Nh5 8. Bg5 h6 9. Bh4 g5 10. Bg3 Nxg3 11. fxg3 e6 12. Bd3 Bxd3 13. Qxd3 c4 14. Qe2 Bg7 15. Rad1 g4 16. Nh4 h5 17. h3 Qg5 18. Qf2 Rf8 19. Qf4 Qxf4 20. gxf4 Bf6 21. g3 Rg8 22. Kh2 Ne7 23. e4 Bxh4 24. gxh4 O-O-O 25. exd5 g3+ 26. Kg1 Nf5 27. dxe6 fxe6 28. Rfe1 Nxd4 29. Kg2 Nxc2 30. Rxd8+ Kxd8 31. Rxe6 Kd7 32. Re5 b5 33. Rg5 Ne3+ 34. Kxg3 Nf5+ 35. Kf2 Rxg5 36. hxg5 Ke6 37. Ne4 a5 38. b3 cxb3 39. Nc5+ Kd5 40. Nxb3 a4 41. Nd2 b4 42. Ke2 b3 43. axb3 a3 44. Nb1 Nd4+ 45. Kd3 Nb5 46. Nc3+ Ke6 47. Nxb5 1-0

[Event "Perth AUS Open"]
[Site "?"]
[Date "2023.01.07"]
[Round "8.34"]
[White "Taylor, Noah"]
[Black "Wolstencroft, Alan"]
[Result "1-0"]
[WhiteElo "1525"]
[BlackElo "1702"]
[PlyCount "57"]
[EventDate "2023.01.??"]
[EventRounds "11"]
[EventCountry "AUS"]
[SourceVersionDate "2023.01.02"]

1. e4 c5 2. Nf3 d6 3. d4 cxd4 4. Nxd4 Nf6 5. Nc3 a6 6. Bg5 e6 7. f4 Qc7 8. Qf3 Nbd7 9. O-O-O Be7 10. g4 b5 11. Bxf6 Bxf6 12. f5 Ne5 13. Qg3 h6 14. Bg2 b4 15. Nce2 Bd7 16. h4 Qd8 17. Nf4 g5 18. fxg6 fxg6 19. g5 hxg5 20. hxg5 Bg7 21. Ndxe6 Bxe6 22. Nxe6 Qe7 23. Nxg7+ Qxg7 24. Rxh8+ Qxh8 25. Rxd6 Ke7 26. Rf6 Nd7 27. Qd6+ Kd8 28. Bh3 Qe8 29. Rf8 1-0

[Event "Perth AUS Open"]
[Site "?"]
[Date "2023.01.07"]
[Round "8.35"]
[White "Shen, Fiona"]
[Black "Huang Hui"]
[Result "0-1"]
[WhiteElo "1625"]
[BlackElo "1514"]
[PlyCount "168"]
[EventDate "2023.01.??"]
[EventRounds "11"]
[EventCountry "AUS"]
[SourceVersionDate "2023.01.02"]

1. d4 Nf6 2. c4 g6 3. Nc3 d5 4. Bf4 Bg7 5. e3 O-O 6. Nf3 c5 7. Rc1 cxd4 8. exd4 Nc6 9. h3 Qa5 10. Qb3 Rd8 11. c5 Ne4 12. Be3 e5 13. Rd1 exd4 14. Nxd4 Nxc3 15. Qxc3 Qxa2 16. Be2 Qa5 17. Qxa5 Nxa5 18. Rc1 Nc6 19. Rd1 a5 20. O-O Nxd4 21. Bxd4 Be6 22. Bxg7 Kxg7 23. Rd4 Rac8 24. Rc1 Rc6 25. b4 axb4 26. Rxb4 Rc7 27. Kh2 Rdc8 28. Kg3 Kf6 29. f4 Bd7 30. Bf3 Bc6 31. Rd4 Rd8 32. Rcd1 Rcd7 33. Bg4 Re7 34. Bf3 Re3 35. Kf2 Rc3 36. Bxd5 Rxc5 37. Bxc6 Rxd4 38. Rxd4 Rxc6 39. Rd8 h5 40. Rb8 Rb6 41. Kf3 Rb1 42. Ke2 b5 43. Rb7 h4 44. Kf2 b4 45. Rb5 b3 46. Kf3 b2 47. Kg4 Kg7 48. Kxh4 Kh6 49. Kg4 f6 50. Rb7 f5+ 51. Kg3 g5 52. fxg5+ Kxg5 53. Rb5 Kg6 54. Rb6+ Kh5 55. Rb5 Kg5 56. h4+ Kg6 57. Kf2 f4 58. Rb6+ Kh5 59. Rb4 Kg6 60. Rb5 f3 61. gxf3 Rh1 62. h5+ Kh6 63. Rb6+ Kxh5 64. Rb5+ Kg6 65. Rb6+ Kf7 66. Rb7+ Ke8 67. Rb8+ Kd7 68. Rb7+ Kc8 69. Rxb2 Rh2+ 70. Ke3 Rxb2 71. Ke4 Kd8 72. Ke5 Ke7 73. Kf5 Kf7 74. f4 Rb5+ 75. Kg4 Kf6 76. Kf3 Kf5 77. Kg3 Rb4 78. Kf3 Rxf4+ 79. Kg3 Kg5 80. Kh3 Rf3+ 81. Kg2 Kg4 82. Kh2 Rf2+ 83. Kh1 Kg3 84. Kg1 Rf8 0-1

[Event "Perth AUS Open"]
[Site "?"]
[Date "2023.01.07"]
[Round "8.37"]
[White "Sheridan, Wallace"]
[Black "Xiao Zhou Ning"]
[Result "1-0"]
[WhiteElo "1461"]
[BlackElo "1583"]
[PlyCount "85"]
[EventDate "2023.01.??"]
[EventRounds "11"]
[EventCountry "AUS"]
[SourceVersionDate "2023.01.02"]

1. d4 Nf6 2. Nf3 d5 3. e3 c5 4. c3 Nc6 5. dxc5 e5 6. b4 e4 7. Nd4 Ne5 8. Bb2 Bg4 9. Qc2 Rc8 10. h3 Bd7 11. a3 b6 12. cxb6 Qxb6 13. Nd2 Be7 14. Be2 O-O 15. O-O Bd6 16. Qb3 Bb8 17. Rfc1 Qd6 18. Nf1 Nc4 19. Bxc4 dxc4 20. Qc2 Qe5 21. a4 Qg5 22. Kh1 Qh4 23. f4 g5 24. fxg5 Qxg5 25. Qf2 Kh8 26. Ne2 Nh5 27. Rd1 Be6 28. b5 f5 29. Bc1 Nf6 30. Nf4 Ng4 31. hxg4 fxg4 32. Kg1 Qh6 33. Ng3 Rc5 34. Nxe4 Rh5 35. Ng3 Rg5 36. Qe2 Rg7 37. Rf1 Qh4 38. Nxe6 Rxf1+ 39. Nxf1 Rf7 40. Nf4 g3 41. Qxc4 Rd7 42. Qc8+ Rd8 43. Qh3 1-0

[Event "Perth AUS Open"]
[Site "?"]
[Date "2023.01.07"]
[Round "8.38"]
[White "Chen, Angus"]
[Black "Simonds, Marcus"]
[Result "1/2-1/2"]
[WhiteElo "1394"]
[BlackElo "1581"]
[PlyCount "88"]
[EventDate "2023.01.??"]
[EventRounds "11"]
[EventCountry "AUS"]
[SourceVersionDate "2023.01.02"]

1. e4 e6 2. Nf3 d5 3. Nc3 c5 4. d4 dxe4 5. Nxe4 cxd4 6. Qxd4 Qxd4 7. Nxd4 Nc6 8. Nb5 Bb4+ 9. c3 Ba5 10. Be3 Nge7 11. Ned6+ Kf8 12. O-O-O a6 13. Nd4 Bc7 14. Nxc6 Nxc6 15. Bc5 Kg8 16. g3 g6 17. Ne8 Be5 18. Bg2 h6 19. f4 Bg7 20. Nc7 Rb8 21. Nxa6 bxa6 22. Bxc6 Kh7 23. Ba7 Bb7 24. Bxb8 Bxc6 25. Bd6 Bxh1 26. Rxh1 Rd8 27. Rd1 f6 28. Bb4 Rxd1+ 29. Kxd1 g5 30. fxg5 hxg5 31. Kd2 Kg6 32. Ke3 f5 33. Bd6 e5 34. c4 Kf6 35. h4 Ke6 36. Bb8 f4+ 37. Kf3 gxh4 38. gxf4 exf4 39. Kxf4 Bxb2 40. Kg4 Bf6 41. Ba7 Ke7 42. Bf2 Kd6 43. Kh3 Be7 44. Kg4 Kc7 1/2-1/2

[Event "Perth AUS Open"]
[Site "?"]
[Date "2023.01.07"]
[Round "8.39"]
[White "Li, Ian"]
[Black "Schiavone, Emmanuel"]
[Result "0-1"]
[WhiteElo "1341"]
[BlackElo "1573"]
[PlyCount "40"]
[EventDate "2023.01.??"]
[EventRounds "11"]
[EventCountry "AUS"]
[SourceVersionDate "2023.01.02"]

1. e4 c5 2. Nf3 e6 3. d4 cxd4 4. Nxd4 Nc6 5. Nc3 Qc7 6. Be3 a6 7. Be2 Nf6 8. O-O Bb4 9. f3 O-O 10. Qd2 d5 11. exd5 Nxd5 12. Nxc6 Qxc6 13. Bd4 Re8 14. Bxg7 Kxg7 15. Qd4+ e5 16. Qxd5 Bxc3 17. Qxc6 Bd4+ 18. Kh1 bxc6 19. c3 Bc5 20. Bd3 f5 0-1

[Event "Perth AUS Open"]
[Site "?"]
[Date "2023.01.07"]
[Round "8.41"]
[White "Deng, Eric"]
[Black "Wolffs, Walter"]
[Result "1-0"]
[WhiteElo "1544"]
[BlackElo "1383"]
[PlyCount "189"]
[EventDate "2023.01.??"]
[EventRounds "11"]
[EventCountry "AUS"]
[SourceVersionDate "2023.01.02"]

1. e4 b6 2. d4 e6 3. Nf3 Bb7 4. Bd3 c5 5. c3 d5 6. e5 Nc6 7. Nbd2 Rc8 8. O-O Nge7 9. a4 cxd4 10. Nxd4 Nxe5 11. Bc2 N7c6 12. N2f3 Nxf3+ 13. Nxf3 Bd6 14. Re1 Qc7 15. h3 Bf4 16. Qe2 O-O 17. g3 Bxc1 18. Raxc1 g6 19. Qe3 Kg7 20. h4 f5 21. Ng5 Nd8 22. Qd4+ Kg8 23. Rxe6 Nxe6 24. Nxe6 Qe7 25. Nxf8 Rc4 26. Qd2 Kxf8 27. Re1 Qd7 28. Qh6+ Kg8 29. Re5 Rc7 30. h5 Bc6 31. hxg6 hxg6 32. Qxg6+ Qg7 33. Bxf5 Qxg6 34. Bxg6 Kg7 35. Bc2 Kf6 36. f4 Bb7 37. Bb3 Rg7 38. Kf2 Rh7 39. Ke3 Rh2 40. Re8 Rh3 41. Kf2 Rh2+ 42. Ke1 Rh1+ 43. Kd2 Rg1 44. Re5 Rg2+ 45. Kc1 Rg1+ 46. Kc2 Rg2+ 47. Kb1 Rxg3 48. Bxd5 Bxd5 49. Rxd5 Ke6 50. Re5+ Kd6 51. Ka2 Rf3 52. Re4 a5 53. Kb3 Kd5 54. Rd4+ Kc5 55. Re4 Kd5 56. Rd4+ Kc5 57. Kc2 Rf2+ 58. Kb1 Rf1+ 59. Ka2 Rf2 60. Ka3 Rf3 61. Re4 Kd5 62. Re5+ Kd6 63. Rf5 Ke6 64. Rb5 Rxf4 65. Rxb6+ Kd7 66. Rb5 Kc6 67. Rxa5 Kb6 68. b4 Rf3 69. Kb3 Rh3 70. Rc5 Rg3 71. Rf5 Rg6 72. a5+ Ka6 73. Ka4 Rg3 74. b5+ Ka7 75. Rf7+ Ka8 76. c4 Rg1 77. Kb4 Rb1+ 78. Kc5 Rh1 79. Rc7 Rh5+ 80. Kb6 Rh6+ 81. Rc6 Rh8 82. Ka6 Rb8 83. b6 Rd8 84. b7+ Kb8 85. Kb6 Rd6 86. Kb5 Rd1 87. a6 Rb1+ 88. Kc5 Ka7 89. Kd6 Rd1+ 90. Kc7 Rb1 91. Kc8 Rxb7 92. Rc7 Rxc7+ 93. Kxc7 Kxa6 94. c5 Ka7 95. Kd7 1-0

[Event "Perth AUS Open"]
[Site "?"]
[Date "2023.01.07"]
[Round "8.41"]
[White "Deng, Eric"]
[Black "Wolffs, Walter"]
[Result "1-0"]
[WhiteElo "1544"]
[BlackElo "1383"]
[PlyCount "189"]
[EventDate "2023.01.??"]
[EventRounds "11"]
[EventCountry "AUS"]
[SourceVersionDate "2023.01.02"]

1. e4 b6 2. d4 e6 3. Nf3 Bb7 4. Bd3 c5 5. c3 d5 6. e5 Nc6 7. Nbd2 Rc8 8. O-O Nge7 9. a4 cxd4 10. Nxd4 Nxe5 11. Bc2 N7c6 12. N2f3 Nxf3+ 13. Nxf3 Bd6 14. Re1 Qc7 15. h3 Bf4 16. Qe2 O-O 17. g3 Bxc1 18. Raxc1 g6 19. Qe3 Kg7 20. h4 f5 21. Ng5 Nd8 22. Qd4+ Kg8 23. Rxe6 Nxe6 24. Nxe6 Qe7 25. Nxf8 Rc4 26. Qd2 Kxf8 27. Re1 Qd7 28. Qh6+ Kg8 29. Bd3 Rc7 30. h5 Bc6 31. hxg6 hxg6 32. Qxg6+ Qg7 33. Bxf5 Qxg6 34. Bxg6 Kg7 35. Bc2 Kf6 36. f4 Bb7 37. Bb3 Rg7 38. Kf2 Rh7 39. Ke3 Rh2 40. Re2 Rh3 41. Kf2 Rh2+ 42. Ke1 Rh1+ 43. Kd2 Rg1 44. Re5 Rg2+ 45. Kc1 Rg1+ 46. Kc2 Rg2+ 47. Kb1 Rxg3 48. Bxd5 Bxd5 49. Rxd5 Ke6 50. Re5+ Kd6 51. Ka2 Rf3 52. Re4 a5 53. Kb3 Kd5 54. Rd4+ Kc5 55. Re4 Kd5 56. Rd4+ Kc5 57. Kc2 Rf2+ 58. Kb1 Rf1+ 59. Ka2 Rf2 60. Ka3 Rf3 61. Re4 Kd5 62. Re5+ Kd6 63. Rf5 Ke6 64. Rb5 Rxf4 65. Rxb6+ Kd7 66. Rb5 Kc6 67. Rxa5 Kb6 68. b4 Rf3 69. Kb3 Rh3 70. Rc5 Rg3 71. Rf5 Rg6 72. a5+ Ka6 73. Ka4 Rg3 74. b5+ Ka7 75. Rf7+ Ka8 76. c4 Rg1 77. Kb4 Rb1+ 78. Kc5 Rh1 79. Rc7 Rh5+ 80. Kb6 Rh6+ 81. Rc6 Rh8 82. Ka6 Rb8 83. b6 Rd8 84. b7+ Kb8 85. Kb6 Rd6 86. Kb5 Rd1 87. a6 Rb1+ 88. Kc5 Ka7 89. Kd6 Rd1+ 90. Kc7 Rb1 91. Kc8 Rxb7 92. Rc7 Rxc7+ 93. Kxc7 Kxa6 94. c5 Ka7 95. Kd7 1-0

[Event "Perth AUS Open"]
[Site "?"]
[Date "2023.01.07"]
[Round "8.42"]
[White "Marriott, Max"]
[Black "Brown, Greg"]
[Result "1-0"]
[WhiteElo "1533"]
[BlackElo "1312"]
[PlyCount "81"]
[EventDate "2023.01.??"]
[EventRounds "11"]
[EventCountry "AUS"]
[SourceVersionDate "2023.01.02"]

1. d4 Nf6 2. c4 d5 3. cxd5 Qxd5 4. Nc3 Qd8 5. Nf3 Bg4 6. Ne5 Bf5 7. Qb3 e6 8. Qxb7 Nbd7 9. Bg5 Qb8 10. Qc6 Qc8 11. Bxf6 gxf6 12. Nxd7 Ke7 13. Nc5 Rb8 14. e4 Bg6 15. Bb5 Bg7 16. Na6 Rb7 17. Qc5+ Kd8 18. Nb4 Rb6 19. Nc6+ Rxc6 20. Qxc6 f5 21. e5 f6 22. f4 Be8 23. Qc4 Qb7 24. O-O c6 25. Ba4 Bd7 26. b4 a6 27. Bb3 fxe5 28. dxe5 Kc7 29. Kh1 Bf8 30. a3 Rg8 31. Bd1 Qa7 32. Na4 Be7 33. Nc5 Bxc5 34. Qxc5 Qxc5 35. bxc5 Rb8 36. Be2 Bc8 37. Rab1 Rxb1 38. Rxb1 a5 39. Rb6 Bb7 40. Ba6 Ba8 41. Kg1 1-0

[Event "Perth AUS Open"]
[Site "?"]
[Date "2023.01.07"]
[Round "8.45"]
[White "Manganas, Alexander"]
[Black "McCarrick, Clare"]
[Result "1-0"]
[WhiteElo "1155"]
[BlackElo "1488"]
[PlyCount "77"]
[EventDate "2023.01.??"]
[EventRounds "11"]
[EventCountry "AUS"]
[SourceVersionDate "2023.01.02"]

1. e4 c5 2. d4 cxd4 3. c3 d6 4. cxd4 Nc6 5. h3 Nf6 6. Nc3 g6 7. Nf3 Bg7 8. Be2 O-O 9. O-O Bd7 10. Bf4 Qc8 11. e5 Nh5 12. Bh2 dxe5 13. dxe5 f5 14. Ng5 h6 15. Bxh5 gxh5 16. Qb3+ e6 17. Nf3 f4 18. Rfe1 Qc7 19. Qc4 a6 20. Bxf4 Rac8 21. Qe4 Rf5 22. Nh4 Rf7 23. Ng6 Be8 24. Kh1 Rxf4 25. Nxf4 Nxe5 26. Nxe6 Qd6 27. Nxg7 Kxg7 28. Qxe5+ Qxe5 29. Rxe5 Kf8 30. Rae1 Bg6 31. R1e3 Rd8 32. Rf3+ Kg7 33. Re7+ Kg8 34. Rf6 Bc2 35. Rff7 b5 36. Rd7 Re8 37. Nd5 Kh8 38. Nf6 Rc8 39. Rh7+ 1-0

[Event "Perth AUS Open"]
[Site "?"]
[Date "2023.01.07"]
[Round "8.46"]
[White "Andador, Dominador"]
[Black "De Rooy, Jack"]
[Result "1-0"]
[WhiteElo "1886"]
[BlackElo "1242"]
[PlyCount "49"]
[EventDate "2023.01.??"]
[EventRounds "11"]
[EventCountry "AUS"]
[SourceVersionDate "2023.01.02"]

1. Nf3 d5 2. c4 e6 3. d4 Nf6 4. e3 c6 5. a3 Nbd7 6. Nc3 Bd6 7. Bd3 O-O 8. O-O Re8 9. e4 dxe4 10. Nxe4 Nxe4 11. Bxe4 Nf6 12. Bc2 h6 13. Qd3 Bd7 14. Be3 Qe7 15. Rad1 e5 16. dxe5 Bxe5 17. Nxe5 Qxe5 18. Bd4 Bf5 19. Qxf5 Qxf5 20. Bxf5 Ne4 21. Rfe1 Ng5 22. Rxe8+ Rxe8 23. Bxa7 Re7 24. Rd8+ Re8 25. Rxe8# 1-0

[Event "Perth AUS Open"]
[Site "?"]
[Date "2023.01.07"]
[Round "8.47"]
[White "Yu Leiming"]
[Black "Harris, Eamon"]
[Result "1-0"]
[WhiteElo "1511"]
[BlackElo "1884"]
[PlyCount "71"]
[EventDate "2023.01.??"]
[EventRounds "11"]
[EventCountry "AUS"]
[SourceVersionDate "2023.01.02"]

1. d4 Nf6 2. c4 e6 3. Nf3 d5 4. Nc3 c6 5. e3 Bd6 6. Be2 Nbd7 7. O-O O-O 8. Qc2 a6 9. b3 b5 10. e4 dxe4 11. Nxe4 Nxe4 12. Qxe4 Bb7 13. Bg5 Qe8 14. c5 f5 15. Qh4 Bc7 16. Be7 Rf7 17. Ng5 h6 18. Nxf7 Qxf7 19. Bh5 g6 20. Bf3 Kg7 21. Bd6 Nf6 22. Qf4 g5 23. Qe5 Ba5 24. Qe3 Re8 25. Be5 Kg6 26. Bxf6 Qxf6 27. h3 h5 28. g4 hxg4 29. hxg4 Qf7 30. Kg2 Qd7 31. Rh1 Re7 32. Rh5 Rg7 33. Rah1 Bd8 34. Rh6+ Kf7 35. Qe5 a5 36. Qxg7+ 1-0

[Event "Perth AUS Open"]
[Site "?"]
[Date "2023.01.07"]
[Round "8.51"]
[White "Raptis, Liam"]
[Black "Cadag, Herbert"]
[Result "0-1"]
[WhiteElo "1436"]
[BlackElo "1557"]
[PlyCount "64"]
[EventDate "2023.01.??"]
[EventRounds "11"]
[EventCountry "AUS"]
[SourceVersionDate "2023.01.02"]

1. d4 Nf6 2. c4 d6 3. Nc3 Bg4 4. f3 Bh5 5. e4 e6 6. Be3 Bg6 7. Nge2 Be7 8. Nf4 Nh5 9. Nxg6 hxg6 10. Bf2 g5 11. g3 c6 12. Bg2 Bf6 13. Rc1 Nd7 14. O-O Qe7 15. Be3 g6 16. Qd2 e5 17. d5 c5 18. Nb5 Kf8 19. b4 a6 20. Na3 Kg7 21. Nc2 b6 22. Rb1 Rh7 23. bxc5 dxc5 24. f4 gxf4 25. gxf4 exf4 26. Bxf4 Nxf4 27. d6 Qe6 28. e5 Bxe5 29. Bxa8 Qg4+ 30. Bg2 Ne2+ 31. Kf2 Rxh2 32. Ne3 Bg3# 0-1

[Event "Perth AUS Open"]
[Site "?"]
[Date "2023.01.07"]
[Round "8.52"]
[White "Pavelic, Toni Martin"]
[Black "Moseley, Paul"]
[Result "0-1"]
[WhiteElo "1348"]
[BlackElo "1357"]
[PlyCount "64"]
[EventDate "2023.01.??"]
[EventRounds "11"]
[EventCountry "AUS"]
[SourceVersionDate "2023.01.02"]

1. e4 c5 2. Nf3 d6 3. d4 cxd4 4. Nxd4 Nf6 5. Nc3 g6 6. Bc4 Bg7 7. O-O a6 8. Bg5 O-O 9. Qd2 Re8 10. f4 e5 11. Nde2 Qb6+ 12. Kh1 Ng4 13. Bxf7+ Kxf7 14. fxe5+ Kg8 15. Bh4 Nxe5 16. Nd5 Qc6 17. Ne7+ Rxe7 18. Bxe7 Bg4 19. Bxd6 Nbd7 20. Bxe5 Nxe5 21. h3 Bxh3 22. gxh3 Qxe4+ 23. Kg1 Nf3+ 24. Rxf3 Qxf3 25. Rf1 Qe4 26. Rf4 Qe5 27. Rf2 Qe7 28. Qd5+ Kh8 29. Nd4 Rd8 30. Qe6 Qg5+ 31. Kf1 Rxd4 32. Rf7 Qc1+ 0-1

[Event "Perth AUS Open"]
[Site "?"]
[Date "2023.01.07"]
[Round "9.1"]
[White "Kuybokarov, Temur"]
[Black "Johansen, Darryl K"]
[Result "1-0"]
[WhiteElo "2558"]
[BlackElo "2360"]
[PlyCount "71"]
[EventDate "2023.01.??"]
[EventRounds "11"]
[EventCountry "AUS"]
[SourceVersionDate "2023.01.02"]

1. e4 c5 2. Nf3 Nc6 3. Bb5 Nf6 4. Nc3 Qc7 5. O-O e6 6. Re1 Be7 7. e5 Nd5 8. Nxd5 exd5 9. d4 Qb6 10. Bd3 c4 11. Bf5 Qd8 12. b3 d6 13. exd6 Qxd6 14. Bxc8 Rxc8 15. bxc4 dxc4 16. d5 Rd8 17. Bg5 Qxd5 18. Qe2 f6 19. Rad1 Qf7 20. Rxd8+ Kxd8 21. Bf4 Bc5 22. Qe4 Qd7 23. Qxc4 Bb6 24. h4 h5 25. Re6 Bc7 26. Bxc7+ Kxc7 27. Nd4 Re8 28. Rxe8 Qxe8 29. Ne6+ Kd6 30. Nxg7 Qe1+ 31. Qf1 Qe5 32. Qd1+ Kc7 33. Nxh5 Nd4 34. Ng3 f5 35. c3 Nc6 36. Qf3 1-0

[Event "Perth AUS Open"]
[Site "?"]
[Date "2023.01.07"]
[Round "9.2"]
[White "Vo, Thi Kim Phung"]
[Black "Morris, James"]
[Result "1/2-1/2"]
[WhiteElo "2343"]
[BlackElo "2456"]
[PlyCount "32"]
[EventDate "2023.01.??"]
[EventRounds "11"]
[EventCountry "AUS"]
[SourceVersionDate "2023.01.02"]

1. d4 Nf6 2. c4 e6 3. Nc3 Bb4 4. Nf3 O-O 5. e3 d6 6. Bd3 c5 7. O-O Nc6 8. Bd2 Qe7 9. a3 Ba5 10. Qc2 h6 11. h3 Re8 12. dxc5 dxc5 13. Ne4 Bxd2 14. Qxd2 b6 15. Rad1 Rd8 16. Qc3 Bb7 1/2-1/2

[Event "Perth AUS Open"]
[Site "?"]
[Date "2023.01.07"]
[Round "9.3"]
[White "Fu Yihe, Rebo"]
[Black "Wallis, Christopher"]
[Result "1/2-1/2"]
[WhiteElo "2149"]
[BlackElo "2313"]
[PlyCount "40"]
[EventDate "2023.01.??"]
[EventRounds "11"]
[EventCountry "AUS"]
[SourceVersionDate "2023.01.02"]

1. e4 e5 2. Nf3 Nc6 3. Bb5 Nf6 4. O-O Nxe4 5. Re1 Nd6 6. Nxe5 Be7 7. Bf1 Nxe5 8. Rxe5 O-O 9. d4 Bf6 10. Re1 Nf5 11. c3 d5 12. Bf4 c6 13. Nd2 Bg5 14. Qf3 Nh4 15. Qg3 Bxf4 16. Qxf4 Ng6 17. Qg3 Bf5 18. Nf3 f6 19. Nh4 Nxh4 20. Qxh4 Qd6 1/2-1/2

[Event "Perth AUS Open"]
[Site "?"]
[Date "2023.01.07"]
[Round "9.4"]
[White "Qi, Mars"]
[Black "Liu, Yi"]
[Result "1/2-1/2"]
[WhiteElo "2087"]
[BlackElo "2303"]
[PlyCount "77"]
[EventDate "2023.01.??"]
[EventRounds "11"]
[EventCountry "AUS"]
[SourceVersionDate "2023.01.02"]

1. d4 d5 2. Bf4 c5 3. e3 Nc6 4. c3 Qb6 5. Qb3 c4 6. Qc2 e5 7. dxe5 Bf5 8. Qc1 g5 9. Bg3 h5 10. h4 g4 11. Nd2 O-O-O 12. Ne2 Bg7 13. Nd4 Nge7 14. b3 Bxe5 15. Bxe5 Nxe5 16. Qa3 Rhe8 17. bxc4 Nd3+ 18. Bxd3 Bxd3 19. c5 Qh6 20. O-O-O Kb8 21. N2b3 Ba6 22. g3 Rc8 23. Rd2 Rc7 24. Kb2 Ng6 25. Qa4 Re4 26. c6 Ne5 27. Ka1 Nc4 28. Rb1 Nxd2 29. Nxd2 Rxd4 30. cxd4 Qxc6 31. Qb4 Bd3 32. Rb3 Bg6 33. Nb1 Qc1 34. Qf8+ Rc8 35. Qb4 b6 36. Qd6+ Rc7 37. Qd8+ Rc8 38. Rxb6+ axb6 39. Qxb6+ 1/2-1/2

[Event "Perth AUS Open"]
[Site "?"]
[Date "2023.01.07"]
[Round "9.5"]
[White "Jordan, William"]
[Black "Kargosha, Bahman"]
[Result "1/2-1/2"]
[WhiteElo "2181"]
[BlackElo "2096"]
[PlyCount "130"]
[EventDate "2023.01.??"]
[EventRounds "11"]
[EventCountry "AUS"]
[SourceVersionDate "2023.01.02"]

1. e4 e5 2. Nf3 Nc6 3. Bc4 Nf6 4. d3 Bc5 5. c3 a6 6. O-O Ba7 7. a4 h6 8. b4 d6 9. Na3 O-O 10. Bb3 Ne7 11. Nc4 Ng6 12. Be3 Bxe3 13. fxe3 Be6 14. Qc2 Re8 15. Rae1 b5 16. Ncd2 c5 17. Bxe6 Rxe6 18. Ra1 Re7 19. Rfb1 Rb7 20. Ra3 Rc8 21. axb5 axb5 22. h3 d5 23. d4 cxd4 24. exd4 exd4 25. Nxd4 dxe4 26. N2b3 Ne5 27. Nc5 Rb6 28. Qe2 Nc4 29. Ra7 Qd5 30. Rd1 Rxc5 31. bxc5 Qxc5 32. Kh2 Qe5+ 33. Kg1 e3 34. Rf1 g6 35. Qd3 Rd6 36. Rb7 Kg7 37. Qe2 Rd5 38. Rf3 Qe4 39. Nxb5 Rd2 40. Qf1 Rf2 41. Rxf7+ Kxf7 42. Qxc4+ Qxc4 43. Nd6+ Ke6 44. Nxc4 Rxf3 45. gxf3 Nd5 46. Kf1 Kf5 47. Nd6+ Kf4 48. c4 Nc3 49. Ne4 Nxe4 50. fxe4 Kxe4 51. Ke2 Kd4 52. c5 Kxc5 53. Kxe3 Kd5 54. Kf4 Kd4 55. Kg4 Ke4 56. Kh4 h5 57. Kg5 Kf3 58. Kxg6 h4 59. Kf5 Kg3 60. Ke4 Kxh3 61. Kf3 Kh2 62. Kf2 h3 63. Kf1 Kg3 64. Kg1 h2+ 65. Kh1 Kh3 1/2-1/2

[Event "Perth AUS Open"]
[Site "?"]
[Date "2023.01.07"]
[Round "9.7"]
[White "Salasan, Haran"]
[Black "Gong, Patrick"]
[Result "0-1"]
[WhiteElo "2002"]
[BlackElo "2292"]
[PlyCount "70"]
[EventDate "2023.01.??"]
[EventRounds "11"]
[EventCountry "AUS"]
[SourceVersionDate "2023.01.02"]

1. d4 Nf6 2. c4 c5 3. d5 d6 4. Nc3 g6 5. e4 Bg7 6. Nf3 O-O 7. Be2 e6 8. O-O Na6 9. h3 Nc7 10. Bf4 e5 11. Be3 Kh8 12. Nd2 Qe7 13. Qc2 Ng8 14. Bd3 f5 15. f4 exf4 16. Bxf4 g5 17. Bh2 f4 18. Be2 Nf6 19. a3 Nd7 20. Kf2 Ne5 21. Ke1 Bd7 22. Nf3 a6 23. a4 g4 24. Nxe5 Bxe5 25. Kd1 gxh3 26. gxh3 Bxh3 27. Rf2 Qh4 28. Bf3 Bd4 29. Re2 Bg4 30. Qd3 Qh3 31. Kc2 Qxf3 32. Qxf3 Bxf3 33. Ree1 Bg2 34. Bg1 f3 35. Nd1 f2 0-1

[Event "Perth AUS Open"]
[Site "?"]
[Date "2023.01.07"]
[Round "9.8"]
[White "Stojic, Dusan"]
[Black "Lee, Alexandre KM"]
[Result "1-0"]
[WhiteElo "2219"]
[BlackElo "1558"]
[PlyCount "101"]
[EventDate "2023.01.??"]
[EventRounds "11"]
[EventCountry "AUS"]
[SourceVersionDate "2023.01.02"]

1. Nf3 Nf6 2. c4 g6 3. b3 Bg7 4. Bb2 O-O 5. g3 d6 6. d4 Nbd7 7. Bg2 c5 8. O-O cxd4 9. Nxd4 Nc5 10. Nc3 a6 11. Qd2 Qc7 12. Rac1 Bd7 13. h3 Bc6 14. Nxc6 bxc6 15. b4 Nb7 16. a3 Rad8 17. Rfd1 Rfe8 18. Qc2 Ra8 19. Kh2 e6 20. b5 Na5 21. Na4 Rec8 22. b6 Qe7 23. b7 Qxb7 24. Rb1 Qc7 25. Bxf6 Bxf6 26. Nb6 Rab8 27. Nxc8 Rxc8 28. e3 Nb7 29. Qb3 Nc5 30. Qb6 Kg7 31. Qxc7 Rxc7 32. Rxd6 Be7 33. Rd2 Kf6 34. Rb6 h6 35. Kg1 Rb7 36. Rxb7 Nxb7 37. a4 Na5 38. Rd7 Bc5 39. Bxc6 Nxc6 40. Rc7 Bxe3 41. Rxc6 Bd4 42. Rxa6 Ke5 43. Rc6 Bc3 44. a5 Bd4 45. a6 f5 46. Kg2 g5 47. c5 Kd5 48. Rd6+ Kxc5 49. Rxd4 Kxd4 50. a7 Ke5 51. a8=Q 1-0

[Event "Perth AUS Open"]
[Site "?"]
[Date "2023.01.07"]
[Round "9.9"]
[White "Rice, Leah"]
[Black "Maris, Rob"]
[Result "1/2-1/2"]
[WhiteElo "1403"]
[BlackElo "1925"]
[PlyCount "56"]
[EventDate "2023.01.??"]
[EventRounds "11"]
[EventCountry "AUS"]
[SourceVersionDate "2023.01.02"]

1. d4 Nf6 2. Nf3 e6 3. e3 b6 4. Be2 Bb7 5. O-O Be7 6. b3 O-O 7. Bb2 d6 8. c4 Nbd7 9. Nc3 Ne4 10. Nxe4 Bxe4 11. Bd3 Bxd3 12. Qxd3 Bf6 13. Rad1 Re8 14. e4 e5 15. Rfe1 Qe7 16. Qc2 Rad8 17. dxe5 dxe5 18. Rd5 c6 19. Rd2 Nf8 20. Red1 Ng6 21. Rxd8 Rxd8 22. Rxd8+ Qxd8 23. g3 h6 24. h4 Qe7 25. Qc3 h5 26. Qe1 Nf8 27. Qd1 g6 28. Bc1 Ne6 1/2-1/2